[Event "Main Vogelsberg Seniors-ch 1st"]
[Site "Grossauheim"]
[Date "2006.04.20"]
[Round "6"]
[White "Czech, Ludwig"]
[Black "Both, Guenther"]
[Result "1-0"]
[WhiteElo "1991"]
[BlackElo "1584"]
[PlyCount "77"]
[EventDate "2006.03.02"]
[EventType "swiss"]
[EventRounds "7"]
[EventCountry "GER"]
[SourceTitle "EXT 2007"]
[Source "ChessBase"]
[SourceDate "2006.11.23"]
[SourceVersion "1"]
[SourceVersionDate "2006.11.23"]
[SourceQuality "1"]

1. c4 c5 2. g3 g6 3. Bg2 Bg7 4. Nc3 Nc6 5. a3 e6 6. e4 Nge7 7. Nge2 0-0 8. 0-0 f5 9. d3 d6 10. Rb1 a6 11. b4 Rb8 12. b5 axb5 13. Nxb5 d5 14. exd5 exd5 15. Bf4 Be5 16. Qc2 d4 17. Bg5 Bf6 18. Bf4 Be5 19. Bd2 Be6 20. Rfe1 Qd7 21. Nf4 Bf7 22. h4 h5 23. Re2 Rfe8 24. Nh3 Kg7 25. Bg5 Nc8 26. Qd2 Nd6 27. Rbe1 Bf6 28. Bxf6+ Kxf6 29. Qg5+ Kg7 30. Nf4 Kh7 31. Bd5 Rxe2 32. Rxe2 Re8 33. Bxf7 Nxf7 34. Qxg6+ Kh8 35. Qxh5+ Kg7 36. Qg6+ Kh8 37. Qf6+ Kh7 38. Ne6 Nfe5 39. Qxf5+ 1-0

[Event "Main Vogelsberg Seniors-ch 1st"]
[Site "Grossauheim"]
[Date "2006.04.06"]
[Round "5"]
[White "Both, Guenther"]
[Black "Pliss, Viktor"]
[Result "1-0"]
[WhiteElo "1584"]
[BlackElo "1724"]
[PlyCount "147"]
[EventDate "2006.03.02"]
[EventType "swiss"]
[EventRounds "7"]
[EventCountry "GER"]
[SourceTitle "EXT 2007"]
[Source "ChessBase"]
[SourceDate "2006.11.23"]
[SourceVersion "1"]
[SourceVersionDate "2006.11.23"]
[SourceQuality "1"]

1. e4 e6 2. d4 d5 3. exd5 exd5 4. Nf3 Nf6 5. Bg5 Be7 6. Bd3 h6 7. Bh4 Bg4 8. Nbd2 Nbd7 9. h3 Be6 10. 0-0 c6 11. Re1 Qc7 12. Bg3 Qb6 13. Qe2 0-0 14. b3 Bb4 15. c4 Bxd2 16. Qxd2 dxc4 17. bxc4 Qd8 18. Bh4 Qc7 19. Bg3 Qd8 20. Bh4 Qc7 21. Bg3 Qd8 22. Ne5 Kh8 23. Ng6+ fxg6 24. Rxe6 Re8 25. Rae1 Rxe6 26. Rxe6 Qg8 27. Re7 Re8 28. Qe3 Rxe7 29. Qxe7 Kh7 30. Be5 Qe8 31. Qxe8 Nxe8 32. Bf4 Nef6 33. a4 a6 34. a5 Nf8 35. g4 Ne6 36. Be3 Nf8 37. f4 Kg8 38. f5 g5 39. Kf2 Kf7 40. Kf3 Ke7 41. Bf2 N6d7 42. Bg3 Nh7 43. Be5 Nhf6 44. Ke3 b6 45. axb6 Nxb6 46. Bc7 Na8 47. Ba5 Kd7 48. Be2 Nc7 49. Bf3 Nce8 50. Kd3 Nd6 51. Bb6 Nc8 52. Ba5 Nd6 53. Bb6 Nb7 54. Bd1 Kd6 55. c5+ Kd7 56. Bb3 Nd5 57. Bxd5 cxd5 58. Kc3 Kc6 59. Kb4 Kd7 60. Ba5 Kc6 61. Ka4 Kd7 62. Bd2 Nd8 63. Ka5 Nc6+ 64. Kxa6 Nxd4 65. Bc3 Nf3 66. Bxg7 d4 67. Kb6 d3 68. Bc3 Nd4 69. Bd2 Nc6 70. f6 Nd8 71. Bc3 Ne6 72. c6+ Kc8 73. Kb5 Kc7 74. Be5+ 1-0

[Event "Main Vogelsberg Seniors-ch 1st"]
[Site "Grossauheim"]
[Date "2006.03.23"]
[Round "4"]
[White "Herdt, Werner"]
[Black "Both, Guenther"]
[Result "0-1"]
[WhiteElo "1363"]
[BlackElo "1584"]
[PlyCount "68"]
[EventDate "2006.03.02"]
[EventType "swiss"]
[EventRounds "7"]
[EventCountry "GER"]
[SourceTitle "EXT 2007"]
[Source "ChessBase"]
[SourceDate "2006.11.23"]
[SourceVersion "1"]
[SourceVersionDate "2006.11.23"]
[SourceQuality "1"]

1. d4 d5 2. c4 e6 3. Nc3 Nf6 4. Bg5 Be7 5. e3 c6 6. Bd3 Nbd7 7. Nge2 h6 8. Bf4 dxc4 9. Bxc4 Nd5 10. Nxd5 exd5 11. Bd3 Nf6 12. h3 Bb4+ 13. Nc3 Qa5 14. Qc2 0-0 15. 0-0 Re8 16. Ne2 Qd8 17. a3 Bd6 18. Bxd6 Qxd6 19. Ng3 Bd7 20. b4 a6 21. Rfe1 Re7 22. Bf5 Rae8 23. Re2 Ne4 24. Nxe4 dxe4 25. Bxd7 Rxd7 26. Qc5 Qg6 27. Kh2 Rd5 28. Qc2 Qd6+ 29. Kh1 Rg5 30. f4 exf3 31. gxf3 Qg3 32. Qd2 Qxf3+ 33. Rg2 Rxe3 34. Kg1 Re2 0-1

[Event "Main Vogelsberg Seniors-ch 1st"]
[Site "Grossauheim"]
[Date "2006.03.16"]
[Round "3"]
[White "Both, Guenther"]
[Black "Klar, Rolf Dewet"]
[Result "1/2-1/2"]
[WhiteElo "1584"]
[BlackElo "1458"]
[PlyCount "50"]
[EventDate "2006.03.02"]
[EventType "swiss"]
[EventRounds "7"]
[EventCountry "GER"]
[SourceTitle "EXT 2007"]
[Source "ChessBase"]
[SourceDate "2006.11.23"]
[SourceVersion "1"]
[SourceVersionDate "2006.11.23"]
[SourceQuality "1"]

1. e4 d6 2. d4 c6 3. c4 e6 4. Nc3 Be7 5. Be2 Na6 6. Nf3 h6 7. Be3 c5 8. 0-0 Nf6 9. h3 Nh7 10. Qd2 b6 11. a3 Bb7 12. d5 e5 13. Nh2 Bg5 14. f4 exf4 15. Bxf4 0-0 16. Nf3 Nc7 17. Rae1 Bxf4 18. Qxf4 a6 19. Bd3 Ng5 20. e5 Nxf3+ 21. Rxf3 dxe5 22. Rxe5 Bc8 23. g4 Qd6 24. Qe4 g6 25. Re7 Bd7 1/2-1/2